00314nam a22001217a 4500003000500000005001700005008004100022040000800063082001500071245005400086260004000140300001200180Nust20170405164159.0170405b xxu||||| |||| 00| 0 eng d cDLC a902.02 NAT aNational Geographic Visual History of the World / aWashington :b National Geographic, a656p. :